Estatísticas para Países mais próximos de Benin

Clique aqui para jogar o quiz

Estatísticas Gerais

  • Esse quiz foi jogado 42 vezes
  • A pontuação média é 17 de 20

Estatísticas das Respostas

kmpaís% Correto
0Níger
100%
0Togo
100%
947Guiné
97%
0Nigéria
97%
1114Chade
92%
43Gana
89%
997Libéria
89%
326Mali
89%
1232Serra Leoa
89%
668Camarões
87%
315Côte d'Ivoire
87%
720Guiné Equatorial
87%
0Burkina Faso
84%
857Mauritânia
82%
1261Congo
76%
1291República
Centro-Africana
76%
1340Senegal
76%
733Argélia
66%
969Gabão
63%
735São Tomé e Príncipe
63%

Distribuição das Pontuações

Percentil de Números Respondidos

Porcentagem de Pessoas com Cada Pontuação

Sua Pontuação Histórica

Você não jogou esse quiz